Spiritual liberty / (Record no. 60387)

MARC details
000 -LEADER
fixed length control field 00924nam a22002537a 4500
005 - DATE AND TIME OF LATEST TRANSACTION
control field 20120105154613.0
008 - FIXED-LENGTH DATA ELEMENTS--GENERAL INFORMATION
fixed length control field 120105t xxu||||| |||| 00| 0 eng d
010 ## - LCCN (DPL NO)
LC control number ENG-104612
020 ## - INTERNATIONAL STANDARD BOOK NUMBER
International Standard Book Number 9789350180099
Terms of availability 199.00
020 ## - INTERNATIONAL STANDARD BOOK NUMBER
International Standard Book Number 935018009x
Terms of availability 199.00
035 ## - SYSTEM CONTROL NUMBER
System control number EN-88145
037 ## - SOURCE OF ACQUISITION
Source of stock number/acquisition DBAD/PUB
040 ## - CATALOGING SOURCE
Original cataloging agency DPL
Language of cataloging Eng
082 ## - DEWEY DECIMAL CLASSIFICATION NUMBER
Classification number 201.723
100 ## - MAIN ENTRY--PERSONAL NAME
Personal name Inayat-Khan, Hidayat
9 (RLIN) 38337
245 ## - TITLE STATEMENT
Title Spiritual liberty /
Statement of responsibility, etc by Hidayat Inayat-Khan
260 ## - PUBLICATION, DISTRIBUTION, ETC. (IMPRINT)
Place of publication, distribution, etc New Delhi
Name of publisher, distributor, etc Readworthy Publications
Date of publication, distribution, etc 2011
270 ## - ADDRESS
Address 4735/22, Prakash Deep Building. Ground Floor, Ansari Road, Darya Ganj
City New Delhi
Postal code 110002
300 ## - PHYSICAL DESCRIPTION
Extent xi,180p.
Dimensions 22cm(pbk)
650 ## - SUBJECT ADDED ENTRY--TOPICAL TERM
Topical term or geographic name as entry element Freedom of religion
9 (RLIN) 38391
650 ## - SUBJECT ADDED ENTRY--TOPICAL TERM
Topical term or geographic name as entry element Sufism
9 (RLIN) 38392
942 ## - ADDED ENTRY ELEMENTS (KOHA)
Source of classification or shelving scheme Dewey Decimal Classification
Item type English Books
Classification part 201.723
Call number suffix INA
Holdings
Withdrawn status Lost status Source of classification or shelving scheme Damaged status Not for loan Collection code Home library Current library Date acquired Source of acquisition Cost, normal purchase price Total Checkouts Full call number Barcode Date last seen Copy number Cost, replacement price Koha item type
    Dewey Decimal Classification   Not For Loan Non-fiction D.B.Act.Division D.B.Act.Division 05/01/2012 DBAD/PUB 199.00   201.723 INA EN-88145 05/01/2012 1 199.00 English Books

© Delhi Public Library
Hit Counter
free hit counter